[Event "Kimry op Jan"]
[Site "Kimry"]
[Date "2011.01.05"]
[Round "7"]
[White "Bivol, Alina"]
[Black "Andreev, Ivan"]
[Result "1-0"]
[WhiteElo "2114"]
[BlackElo "1802"]
[PlyCount "37"]
[EventDate "2011.01.02"]
[EventType "swiss"]
[EventRounds "9"]
[EventCountry "RUS"]
[SourceTitle "CBM 140 Extra"]
[Source "ChessBase"]
[SourceDate "2011.03.01"]
[SourceVersion "1"]
[SourceVersionDate "2011.03.01"]
[SourceQuality "1"]

1. e4 d6 2. d4 Nf6 3. Nc3 g6 4. Bg5 Bg7 5. e5 dxe5 6. dxe5 Qxd1+ 7. Rxd1 Nfd7 8. f4 Nc6 9. Nd5 0-0 10. Bb5 Nc5 11. Nxc7 Bg4 12. Nxa8 Bxd1 13. Nc7 Bxc2 14. Bxc6 bxc6 15. Bxe7 Nd3+ 16. Kd2 Rc8 17. Ne2 Nxb2 18. Kxc2 Rxc7 19. Bd6 1-0

[Event "Kimry Rating op 33rd"]
[Site "Kimry"]
[Date "2007.01.24"]
[Round "6"]
[White "Lashkov, Vladimir"]
[Black "Andreev, Ivan"]
[Result "1-0"]
[WhiteElo "1993"]
[BlackElo "1799"]
[PlyCount "33"]
[EventDate "2007.01.21"]
[EventType "swiss"]
[EventRounds "7"]
[EventCountry "RUS"]
[SourceTitle "EXT 2010"]
[Source "ChessBase"]
[SourceDate "2010.11.25"]
[SourceVersion "1"]
[SourceVersionDate "2010.11.25"]
[SourceQuality "1"]

1. d4 d5 2. e3 e6 3. Bd3 Nf6 4. Nd2 c5 5. c3 Nc6 6. f4 Be7 7. Ne2 0-0 8. Ng3 Qc7 9. Nf3 cxd4 10. cxd4 Nb4 11. Bb1 Bd7 12. a3 Rfc8 13. axb4 Qxc1 14. Bxh7+ Nxh7 15. Rxc1 Bxb4+ 16. Kf2 Nf6 17. Ne5 1-0

[Event "Kimry Rating op 33rd"]
[Site "Kimry"]
[Date "2007.01.23"]
[Round "5"]
[White "Andreev, Ivan"]
[Black "Bik Mukhamedov, Mikhail"]
[Result "1-0"]
[WhiteElo "1799"]
[BlackElo "1844"]
[PlyCount "75"]
[EventDate "2007.01.21"]
[EventType "swiss"]
[EventRounds "7"]
[EventCountry "RUS"]
[SourceTitle "EXT 2010"]
[Source "ChessBase"]
[SourceDate "2010.11.25"]
[SourceVersion "1"]
[SourceVersionDate "2010.11.25"]
[SourceQuality "1"]

1. d4 d5 2. c4 c6 3. Nf3 Bf5 4. Nc3 Nf6 5. Bf4 Nbd7 6. Qb3 Qb6 7. e3 e6 8. Be2 Be7 9. 0-0 0-0 10. Nh4 Be4 11. f3 Bg6 12. Nxg6 hxg6 13. c5 Qxb3 14. axb3 b6 15. b4 b5 16. Ra6 Rfc8 17. Rfa1 Bd8 18. Bd3 Nh5 19. Bd6 Nhf6 20. g4 Ne8 21. Bg3 Nb8 22. Rxa7 Rxa7 23. Rxa7 Rc7 24. Ra8 Rc8 25. Rxb8 Rxb8 26. Bxb8 Kh7 27. e4 Kh6 28. Bf4+ Kh7 29. g5 f6 30. h4 f5 31. exd5 exd5 32. Ne2 Kg8 33. Ng3 Kf7 34. h5 Bc7 35. hxg6+ Kxg6 36. Bxf5+ Kf7 37. Bxc7 Nxc7 38. Bd7 1-0

[Event "Kimry Rating op 33rd"]
[Site "Kimry"]
[Date "2007.01.21"]
[Round "2"]
[White "Andreev, Ivan"]
[Black "Kurguzkin, Dmitry"]
[Result "1-0"]
[WhiteElo "1799"]
[BlackElo "1760"]
[PlyCount "97"]
[EventDate "2007.01.21"]
[EventType "swiss"]
[EventRounds "7"]
[EventCountry "RUS"]
[SourceTitle "EXT 2010"]
[Source "ChessBase"]
[SourceDate "2010.11.25"]
[SourceVersion "1"]
[SourceVersionDate "2010.11.25"]
[SourceQuality "1"]

1. d4 d5 2. c4 Nc6 3. Nc3 Nf6 4. Bg5 e6 5. cxd5 exd5 6. Bxf6 Qxf6 7. Nxd5 Qd8 8. Nc3 Bb4 9. d5 Ne7 10. Qa4+ Qd7 11. Qxb4 0-0 12. e4 a6 13. Nf3 Re8 14. Be2 b6 15. 0-0 Ng6 16. Rfd1 Nf4 17. Rac1 Qg4 18. Ne1 Nxe2+ 19. Nxe2 Qxe2 20. f3 Qe3+ 21. Kh1 Qf4 22. Nd3 Qe3 23. Qd2 Qxd2 24. Rxd2 Re7 25. Nb4 a5 26. Nc6 Rd7 27. a4 Bb7 28. Nd4 Rc8 29. Rdc2 h6 30. Kg1 Kf8 31. Nb5 Ke7 32. d6+ Ke6 33. Rxc7 Rcxc7 34. dxc7 Rd2 35. Na7 Rxb2 36. c8Q+ Bxc8 37. Nxc8 b5 38. axb5 Rxb5 39. Na7 Rb8 40. Nc6 Ra8 41. Rc2 a4 42. Kf2 a3 43. Nb4 Rb8 44. Na2 Ke5 45. Ke3 Rb3+ 46. Rc3 Rxc3+ 47. Nxc3 g6 48. f4+ Kd6 49. Kd4 1-0

[Event "Kimry-ch"]
[Site "Kimry"]
[Date "2007.01.06"]
[Round "7"]
[White "Andreev, Ivan"]
[Black "Danilov, Alexander"]
[Result "0-1"]
[WhiteElo "1799"]
[BlackElo "1952"]
[PlyCount "87"]
[EventDate "2007.01.02"]
[EventType "swiss"]
[EventRounds "9"]
[EventCountry "RUS"]
[SourceTitle "EXT 2010"]
[Source "ChessBase"]
[SourceDate "2010.11.25"]
[SourceVersion "1"]
[SourceVersionDate "2010.11.25"]
[SourceQuality "1"]

1. d4 Nf6 2. c4 d5 3. Nc3 e6 4. Bg5 Be7 5. Nf3 Ne4 6. Bxe7 Qxe7 7. Qc2 Nxc3 8. Qxc3 Nc6 9. e3 0-0 10. Rc1 Nb4 11. Qa3 f5 12. Be2 a5 13. 0-0 f4 14. Ne5 c6 15. c5 Qg5 16. exf4 Rxf4 17. Qe3 Nxa2 18. Ra1 Nb4 19. g3 Rf5 20. Bg4 Rxe5 21. Bxe6+ Bxe6 22. Qxe5 Qxe5 23. dxe5 Nd3 24. f4 g6 25. b4 Ra6 26. bxa5 Nxc5 27. Rfb1 Kf7 28. Rb6 d4 29. Kf2 Bc4 30. Rbb1 Ke6 31. g4 Nb3 32. Ra3 Nxa5 33. Rh3 c5 34. Rxh7 Bd5 35. h4 Nc4 36. Re1 Ra2+ 37. Kg3 Rg2+ 38. Kh3 Ne3 39. Rg7 Bf3 40. Rxg6+ Kf7 41. h5 Bxg4+ 42. Rxg4 Rxg4 43. f5 Rg5 44. Kh4 0-1

[Event "Kimry-ch"]
[Site "Kimry"]
[Date "2007.01.03"]
[Round "3"]
[White "Andreev, Ivan"]
[Black "Kolpakov, Nikolay Anastasievi"]
[Result "0-1"]
[WhiteElo "1799"]
[BlackElo "2217"]
[PlyCount "74"]
[EventDate "2007.01.02"]
[EventType "swiss"]
[EventRounds "9"]
[EventCountry "RUS"]
[SourceTitle "EXT 2010"]
[Source "ChessBase"]
[SourceDate "2010.11.25"]
[SourceVersion "1"]
[SourceVersionDate "2010.11.25"]
[SourceQuality "1"]

1. d4 f5 2. g3 Nf6 3. Bg2 g6 4. b3 Bg7 5. Bb2 0-0 6. c4 d6 7. Nh3 Qe8 8. 0-0 c6 9. Nc3 Na6 10. e3 e5 11. d5 c5 12. Ng5 e4 13. Nb5 Qe7 14. h4 Nb4 15. Nc3 Nd3 16. Ba3 h6 17. Nh3 Bd7 18. Ne2 Ng4 19. Rb1 g5 20. hxg5 hxg5 21. Nc1 Nde5 22. Bb2 Bf6 23. Bxe5 Qxe5 24. Ne2 Rae8 25. Qd2 Re7 26. Rfd1 Rh7 27. Qc2 Qe8 28. Kf1 Nh2+ 29. Ke1 Nf3+ 30. Bxf3 exf3 31. Neg1 f4 32. Nxf4 gxf4 33. gxf4 Bf5 34. Qc1 Rh1 35. Kd2 Qe4 36. Qc3 Bxc3+ 37. Kxc3 Qc2# 0-1